000 01535nam a2200361 i 4500
001 000026588
003 DO-SdBNP
005 20250626140657.0
007 ta
008 100114s2009 dr abc 001 0 spa d
020 _a9789945452136
040 _aDO-SdBNP
_bspa
_cBNPHU
_erda
082 4 _a972.93
_bC957h, 2009
_222
100 1 _aCruz Sánchez, Filiberto,
_913112
_eautor
_4aut.
245 1 0 _aHistoria de la República Dominicana :
_b(desde Cristóbal Colón hasta el presente) /
_cFiliberto Cruz Sánchez.
250 _atercera edición
264 1 _aSanto Domingo :
_bEditora El Nuevo Diario,
_c2009.
300 _a378 páginas :
_bilustraciones, retratos, mapas ;
_c26 cm.
336 _atexto
_btxt
_2rdacontent
337 _asin mediación
_bn
_2rdamedia
338 _avolumen
_bnc
_2rdacarrier
500 _aIncluye índice onomástico
590 _aInventariado, 2024/BT
651 4 _aRepública Dominicana
_xHistoria
_xEstudio y enseñanza
_99647
651 4 _aRepública Dominicana --
_xHistoria --
_yDescubrimiento y conquista, 1492-1503
_9255
651 4 _aRepública Dominicana
_xHistoria
_yOcupación Haitiana1822-1844
_97666
651 0 _aRepública Dominicana
_xHistoria
_yAnexión a España,1861-1863
_932930
651 4 _aRepública Dominicana --
_xHistoria --
_y1844-1930
_91009
651 4 _aRepública Dominicana --
_xHistoria --
_yOcupación norteamericana, 1916-1924
_91926
651 4 _aRepública Dominicana
_xPolítica y gobierno
_y1961-
_9204
910 _aValidado. Control de calidad MFF
942 _2ddc
_cLBS1
999 _c26080
_d26080